Bernardo del Río describe la Coruña de fines del siglo XVIII / (Record no. 99650)

MARC details
000 -LEADER
campo de control de longitud fija 00824nam a2200217 i 4500
001 - NÚMERO DE CONTROL
campo de control 99650
003 - IDENTIFICADOR DE NÚMERO DE CONTROL
campo de control ES-MaACL
005 - FECHA Y HORA DE LA ÚLTIMA TRANSACCIÓN
campo de control 20250730165127.0
007 - CAMPO FIJO DE DESCRIPCIÓN FÍSICA--INFORMACIÓN GENERAL
campo de control de longitud fija t|
008 - DATOS DE LONGITUD FIJA--INFORMACIÓN GENERAL
campo de control de longitud fija 050914s1968 sp ||||1| spa d
100 1# - ENTRADA PRINCIPAL--NOMBRE DE PERSONA
Nombre de persona Martínez-Barbeito, Carlos,
Fechas asociadas al nombre 1913-1997
9 (RLIN) 77884
245 10 - MENCIÓN DEL TÍTULO
Título Bernardo del Río describe la Coruña de fines del siglo XVIII /
Mención de responsabilidad, etc. Carlos Martínez Barbeito.
260 ## - PUBLICACIÓN, DISTRIBUCIÓN, ETC.
Lugar de publicación, distribución, etc. La Coruña :
Nombre del editor, distribuidor, etc. Moret,
Fecha de publicación, distribución, etc. 1968.
300 ## - DESCRIPCIÓN FÍSICA
Extensión 10 h. :
Otras características físicas il. ;
Dimensiones 22 cm.
500 ## - NOTA GENERAL
Nota general Es tirada aparte de Revista del Instituto José Cornide de Estudios Coruñeses.- 1966.- Año II.- Nº 2.- p.39-58.
651 #4 - PUNTO DE ACCESO ADICIONAL DE MATERIA--NOMBRE GEOGRÁFICO
Nombre geográfico La Coruña-
Subdivisión general Descripción.
9 (RLIN) 157717
710 2# - ENTRADA AGREGADA--NOMBRE DE ENTIDAD CORPORATIVA
Nombre de entidad corporativa o nombre de jurisdicción como elemento de entrada Instituto "José Cornide" de Estudios Coruñeses
9 (RLIN) 5109
852 ## - LOCALIZACIÓN
Ubicación ES-MaACL
Número de control de estantería 2082-F-5
Sublocalización o colección R.84947
852 ## - LOCALIZACIÓN
Ubicación ES-MaACL
Número de control de estantería 2082-F-3
Sublocalización o colección R.83966
Holdings
Estatus retirado Estado de pérdida Estado de daño No para préstamo Colección Biblioteca de origen Biblioteca actual Ubicación en estantería Fecha de adquisición Fuente de adquisición Total de préstamos Signatura topográfica completa Código de barras Visto por última vez Precio de reemplazo Tipo de ítem Koha Fuente del sistema de clasificación o colocación Restricciones de uso
        Colección de folletos Biblioteca del Ateneo de Madrid Biblioteca del Ateneo de Madrid Depósito folletos 17/01/2008     2082-F-5 1104054 23/02/2023 23/02/2023 Folleto    
          Biblioteca del Ateneo de Madrid Biblioteca del Ateneo de Madrid Depósito folletos 17/01/2008     2082-F-3 1133067 23/02/2023 23/02/2023 Folleto Clasificación decimal universal Duplicado